znajomość języka francuskiego - Statystyki

Ogólne statystyki
  • Ten quiz został rozwiązany 228 razy
  • Średni wynik to 9 z 21
Statystyki odpowiedzi
Hint Odpowiedź % Poprawnych
Salut Cześć
94%
Blanc Biały
65%
Dix Dziesięć
63%
Je m'appelle Nazywam się
61%
Noir Czarny
60%
Basket Koszykówka
51%
Soixante-dix Siedemdziesiąt
50%
Quatre-vingts Osiemdziesiąt
48%
Cent Sto
46%
Mère Mama
43%
Qu'est- ce que c'est Co to jest
39%
Crayon Ołówek
36%
Copain Kolega
34%
Année Rok
34%
Copine Koleżanka
32%
Voisin Sąsiad
29%
Voisine Sąsiadka
28%
Lettre Litera
27%
Najlepszy youtouber Kolega Ignacy
19%
Étude Nauka
16%
À plus Na razie
10%
Nie znaleziono quizów pasujących do podanych kryteriów
Rozkład punktacji
Procent ludzi z każdym wynikiem
Percentyl według liczby udzielonych odpowiedzi
Twoja historia wyników
Nie rozwiązałeś tego quizu